000 00423nam a2200193Ia 4500
005 20240823033518.0
008 240823s9999||||xx |||||||||||||| ||und||
020 _a978-81-7720-074-4
041 _aENGLISH
082 _A815.54 Q2
100 _aPerumalmurugan
245 0 _aKankanam
250 _a1st
260 _c2012
_bAdaiy
500 _aYES
650 _aTamil Books
_bGeneral
942 _cBK
999 _c195992
_d195992